Partial Oxidation of Methane to Syngas Over Biomass Derived Catalyst / (Record no. 602021)

000 -LEADER
fixed length control field 00487nam a2200157Ia 4500
008 - FIXED-LENGTH DATA ELEMENTS--GENERAL INFORMATION
fixed length control field 230907s9999||||xx |||||||||||||| ||und||
082 ## - DEWEY DECIMAL CLASSIFICATION NUMBER
Classification number 620
Author Mark HAS
100 ## - MAIN ENTRY--PERSONAL NAME
Personal name Amin ul Hasanat (00000277540)
9 (RLIN) 116673
245 #0 - TITLE STATEMENT
Title Partial Oxidation of Methane to Syngas Over Biomass Derived Catalyst /
260 ## - PUBLICATION, DISTRIBUTION, ETC.
Place of publication, distribution, etc. USPCAS-E, NUST,
Name of publisher, distributor, etc. Islamabad :
Date of publication, distribution, etc. 2022
300 ## - PHYSICAL DESCRIPTION
Extent xi, 56 p.
520 ## - SUMMARY, ETC.
Summary, etc. TH-343
650 ## - SUBJECT ADDED ENTRY--TOPICAL TERM
Topical term or geographic name entry element MS-TEE Thesis MS Thesis
700 ## - ADDED ENTRY--PERSONAL NAME
Personal name Dr Asif Hussain Khoja
9 (RLIN) 117190
942 ## - ADDED ENTRY ELEMENTS (KOHA)
Koha item type Thesis
Source of classification or shelving scheme
Holdings
Withdrawn status Lost status Source of classification or shelving scheme Damaged status Not for loan Permanent Location Current Location Date acquired Full call number Barcode Date last seen Price effective from Koha item type
          US-Pakistan Center for Advanced Studies in Energy (USPCAS-E) US-Pakistan Center for Advanced Studies in Energy (USPCAS-E) 04/13/2022 620 HAS CAS-ETH0000343 09/12/2023 09/12/2023 Thesis
© 2023 Central Library, National University of Sciences and Technology. All Rights Reserved.